| 000 | 01033nam a22003257a 4500 | ||
|---|---|---|---|
| 003 | CHAP | ||
| 005 | 20220329143834.0 | ||
| 008 | 111129s1961 mx r 00010 spa d | ||
| 010 | _a102591 | ||
| 011 | _a103563 | ||
| 035 | _a114252 | ||
| 040 | _cCHAP | ||
| 090 | _aFolleto 18110 | ||
| 100 | 1 |
_aHigginson, E. C. _955321 |
|
| 245 | 1 | 0 |
_aPlantas de concreto : _bcolocación de concreto _c/por E. C. Higginson |
| 260 |
_aMéxico, D.F. : _bSRH, _c1961 |
||
| 300 | _a30 h. | ||
| 590 |
_aBATCH-UPD _b10 _c20130110 _lUCH01 _h1608 |
||
| 590 |
_aBATCH-UPD _b10 _c20130410 _lUCH01 _h1004 |
||
| 590 |
_aBATCH-UPD _b10 _c20130914 _lUCH01 _h0908 |
||
| 590 |
_aCONVERSION _b10 _c20130109 _lUCH01 _h1356 |
||
| 650 | 1 | 4 |
_aCemento _xIndustria. _920936 |
| 650 | 1 | 4 |
_aConcreto _xConstrucciones. _926304 |
| 650 | 1 | 4 |
_aDiseño en ingeniería. _932730 |
| 650 | 1 | 4 |
_aEstructuras, teoría de las. _938487 |
| 650 | 1 | 4 |
_aResistencia de materiales. _996123 |
| 901 | _aBK | ||
| 942 | _cFOLL | ||
| 949 |
_aFolleto 18110 _bBC _cFOLL _d33724002314629 _eTS1 _i114252 _sb |
||
| 999 |
_c102591 _d102591 |
||